[Event "IX Floripa Chess Open Fort Atacadista"]
[Site "Florianópolis - Santa Catari"]
[Date "2023.01.24"]
[Round "2.98"]
[White "Boff, Lucas Strauss"]
[Black "Cardoso, Leandro Ubialli"]
[Result "1-0"]
[WhiteElo "2036"]
[BlackElo "1732"]
[PlyCount "95"]
[EventDate "2023.01.23"]
[EventRounds "10"]
[EventCountry "BRA"]

1. Nf3 e6 2. c4 f5 3. g3 Nf6 4. Bg2 d5 5. b3 c6 6. Bb2 Bd6 7. O-O Qe7 8. d3
Nbd7 9. Nc3 O-O 10. Qc2 f4 11. Rad1 Qe8 12. e4 Qh5 13. cxd5 exd5 14. exd5 fxg3
15. fxg3 Nxd5 16. Nxd5 Qxd5 17. d4 Qh5 18. Qc4+ Qf7 19. Ng5 Qxc4 20. bxc4 Nf6
21. d5 Bg4 22. Rde1 Bb4 23. Ne6 Bxe1 24. Nxf8 Bxg3 25. hxg3 cxd5 26. Bxf6 gxf6
27. Bxd5+ Kxf8 28. Rxf6+ Ke8 29. Rf7 h5 30. Rxb7 a5 31. Rh7 Rc8 32. Rh8+ Kd7
33. Rxc8 Kxc8 34. Kf2 Kc7 35. c5 Bd1 36. Ke3 Bg4 37. Kd4 Bd1 38. Ke5 a4 39. a3
Bg4 40. Kd4 Bd1 41. Kc3 Bg4 42. Kb4 Bd1 43. Bf7 Kd8 44. Bc4 Ke7 45. Bb5 Kf6 46.
Bxa4 Bg4 47. Bc6 Bc8 48. Bf3 1-0

[Event "IX Floripa Chess Open Fort Atacadista"]
[Site "Florianópolis - Santa Catari"]
[Date "2023.01.24"]
[Round "2.99"]
[White "Garcia, Erich Douglas Ribei"]
[Black "Furtado, Ian"]
[Result "1-0"]
[WhiteElo "1427"]
[BlackElo "1584"]
[PlyCount "37"]
[EventDate "2023.01.23"]
[EventRounds "10"]
[EventCountry "BRA"]

1. d4 d5 2. c4 e6 3. Nc3 Bb4 4. a3 Bd6 5. cxd5 exd5 6. Nxd5 Bxh2 7. e4 Bd6 8.
Bc4 Nf6 9. Bg5 Be7 10. Bxf6 Bxf6 11. e5 Be7 12. Qf3 O-O 13. Bd3 h6 14. O-O-O
Bg5+ 15. Kb1 Be6 16. Nc3 Nc6 17. d5 Nxe5 18. Qe4 Bxd5 19. Qh7# 1-0

[Event "IX Floripa Chess Open Fort Atacadista"]
[Site "Florianópolis - Santa Catari"]
[Date "2023.01.24"]
[Round "2.100"]
[White "Hataby, Raed"]
[Black "De Sousa, Paulo Goncalves"]
[Result "1-0"]
[WhiteElo "1979"]
[BlackElo "1800"]
[PlyCount "41"]
[EventDate "2023.01.23"]
[EventRounds "10"]
[EventCountry "BRA"]

1. e3 Nf6 2. c4 e6 3. Nc3 d5 4. Nf3 c5 5. d4 Nc6 6. a3 b6 7. cxd5 exd5 8. Bb5
Bb7 9. O-O Be7 10. Ne5 Rc8 11. Qa4 Qc7 12. Qxa7 O-O 13. Bxc6 Bxc6 14. Qxc7 Rxc7
15. Nxc6 Rxc6 16. Bd2 Rd8 17. Nb5 Ne4 18. Rfd1 Bf6 19. Rac1 Rdc8 20. Bc3 c4 21.
Bb4 1-0

[Event "IX Floripa Chess Open Fort Atacadista"]
[Site "Florianópolis - Santa Catari"]
[Date "2023.01.24"]
[Round "2.101"]
[White "Presa, Luis Alberto Passos"]
[Black "Pinto, Vanderlei"]
[Result "1-0"]
[WhiteElo "1733"]
[BlackElo "1346"]
[PlyCount "108"]
[EventDate "2023.01.23"]
[EventRounds "10"]
[EventCountry "BRA"]

1. d4 Nf6 2. c4 g6 3. Nc3 Bg7 4. e4 d6 5. g3 O-O 6. Bg2 e5 7. Nge2 Nc6 8. d5
Ne7 9. O-O a6 10. f3 Ne8 11. Be3 f5 12. Qd2 f4 13. gxf4 Kh8 14. fxe5 Bxe5 15.
f4 Bg7 16. Bd4 Ng8 17. Bxg7+ Nxg7 18. Qd4 Bg4 19. h3 Bd7 20. Kh2 Qh4 21. Qf2
Qh6 22. Qg3 Nh5 23. Qg5 Rf7 24. Qxh6 Nxh6 25. e5 dxe5 26. fxe5 Bf5 27. Nd4 Raf8
28. e6 Re7 29. Ne4 Kg7 30. c5 Nf6 31. Nxf6 Kxf6 32. d6 cxd6 33. cxd6 Rxe6 34.
Nxe6 Kxe6 35. Rad1 Nf7 36. Rfe1+ Ne5 37. Rd2 Rd8 38. Rde2 Rxd6 39. Rxe5+ Kf6
40. b3 b5 41. Rd5 Rb6 42. Rc5 Kg5 43. Rc6 Rb8 44. Rxa6 Rd8 45. Re2 h5 46. Rb6
Kh6 47. h4 Rd4 48. Re5 Rxh4+ 49. Kg3 Rg4+ 50. Kf3 Rg5 51. Rbxb5 Bg4+ 52. Kf4
Bf5 53. Bh3 Rg1 54. Bxf5 gxf5 1-0

[Event "IX Floripa Chess Open Fort Atacadista"]
[Site "Florianópolis - Santa Catari"]
[Date "2023.01.24"]
[Round "2.102"]
[White "Sanchez, Ivan Roberto"]
[Black "Silva, Guilherme Henrique "]
[Result "0-1"]
[WhiteElo "1731"]
[BlackElo "2034"]
[PlyCount "86"]
[EventDate "2023.01.23"]
[EventRounds "10"]
[EventCountry "BRA"]

1. d4 Nf6 2. c4 e6 3. Nc3 Bb4 4. Qc2 O-O 5. a3 Bxc3+ 6. Qxc3 Ne4 7. Qc2 f5 8.
Nf3 d6 9. g3 Nd7 10. Bg2 Ndf6 11. O-O Qe8 12. b3 Qh5 13. Ra2 Bd7 14. Ne1 Bc6
15. Bf3 Ng4 16. Bxg4 fxg4 17. f3 gxf3 18. exf3 Ng5 19. Bxg5 Qxg5 20. Qd2 Qh5
21. Qe3 Rae8 22. Raf2 a6 23. Nd3 e5 24. dxe5 dxe5 25. Nb4 Bd7 26. Nd5 c6 27.
Nc3 Qg6 28. Ne4 Bf5 29. Re1 Bxe4 30. Qxe4 Qd6 31. b4 h6 32. Qc2 Rd8 33. c5 Qd4
34. Kg2 Kh8 35. Re4 Qd5 36. Qb2 Rf5 37. Rfe2 Rdf8 38. Rd2 Qf7 39. Rxe5 Rxf3 40.
Ree2 Rd3 41. Rf2 Qd5+ 42. Kg1 Rxf2 43. Rxf2 Rd1+ 0-1

[Event "IX Floripa Chess Open Fort Atacadista"]
[Site "Florianópolis - Santa Catari"]
[Date "2023.01.24"]
[Round "2.103"]
[White "Cordero, Daniela"]
[Black "Constantino, Pedro Henrique"]
[Result "1/2-1/2"]
[WhiteElo "2027"]
[BlackElo "1727"]
[PlyCount "103"]
[EventDate "2023.01.23"]
[EventRounds "10"]
[EventCountry "BRA"]

1. d4 Nf6 2. Nf3 g6 3. c4 Bg7 4. g3 O-O 5. Bg2 d5 6. cxd5 Nxd5 7. O-O Nc6 8. e3
Re8 9. Nc3 Nb6 10. h3 h6 11. Qe2 e5 12. dxe5 Nxe5 13. Rd1 Qe7 14. Nd4 c5 15.
Ndb5 a6 16. Nd6 Rd8 17. Nxc8 Raxc8 18. a4 c4 19. a5 Rxd1+ 20. Qxd1 Rd8 21. Qc2
Nc8 22. Nd5 Qc5 23. e4 Nd3 24. Be3 Qb5 25. Ra4 Nd6 26. Bb6 Rf8 27. Bc7 Qxb2 28.
Ne3 Qxc2 29. Nxc2 Nb5 30. Bb6 Re8 31. e5 Nc3 32. Ra1 Bxe5 33. Bxb7 Rb8 34. Bxa6
Ne2+ 35. Kf1 Bxa1 36. Nxa1 Nc3 37. Bxc4 Nb2 38. Bb3 Nca4 39. Bd4 Ra8 40. Bxa4
Nxa4 41. Nb3 Rb8 42. a6 Rxb3 43. a7 Nb6 44. Bxb6 Ra3 45. Ke2 f5 46. Kd2 Kf7 47.
Kc2 Ke6 48. Kb2 Ra6 49. Kc3 Kd5 50. Kb4 Kc6 51. Be3 h5 52. h4 1/2-1/2

[Event "IX Floripa Chess Open Fort Atacadista"]
[Site "Florianópolis - Santa Catari"]
[Date "2023.01.24"]
[Round "2.104"]
[White "Lahoz, Cassiano"]
[Black "Raimundo, Airton Carlos Nunes"]
[Result "0-1"]
[WhiteElo "1724"]
[BlackElo "2023"]
[PlyCount "94"]
[EventDate "2023.01.23"]
[EventRounds "10"]
[EventCountry "BRA"]

1. e4 c5 2. Nc3 d6 3. g3 Nc6 4. Bg2 g6 5. Nf3 Bg7 6. O-O e6 7. d3 Nge7 8. Be3
Nd4 9. Rb1 O-O 10. Ne2 e5 11. c3 Nxf3+ 12. Bxf3 Bh3 13. Bg2 Bxg2 14. Kxg2 b6
15. d4 Qc7 16. dxe5 dxe5 17. Qc1 Qb7 18. f3 Qa6 19. c4 f5 20. Bg5 Nc6 21. a3
fxe4 22. fxe4 Rxf1 23. Kxf1 Qc8 24. Kg2 Qg4 25. Qe3 Nd4 26. Nxd4 cxd4 27. h3
Qe6 28. Qd3 a5 29. b3 h6 30. Bd2 g5 31. Rf1 Rc8 32. Rc1 Qg6 33. Rf1 Rf8 34.
Rxf8+ Bxf8 35. b4 axb4 36. axb4 Qc6 37. Kf3 Qa4 38. b5 Qd1+ 39. Qe2 Qb3+ 40.
Kg4 d3 41. Qf3 Qxc4 42. Qf5 Bg7 43. Qg6 Qc8+ 44. Kf3 Qxh3 45. Be1 Qf1+ 46. Bf2
g4+ 47. Kxg4 Qxf2 0-1

[Event "IX Floripa Chess Open Fort Atacadista"]
[Site "Florianópolis - Santa Catari"]
[Date "2023.01.24"]
[Round "2.105"]
[White "Lutz, Igor Oscar"]
[Black "Montiel Caceres, Helen"]
[Result "1-0"]
[WhiteElo "2022"]
[BlackElo "1723"]
[PlyCount "113"]
[EventDate "2023.01.23"]
[EventRounds "10"]
[EventCountry "BRA"]

1. d4 Nf6 2. c4 e6 3. g3 Bb4+ 4. Bd2 Qe7 5. Bg2 O-O 6. e4 Bxd2+ 7. Nxd2 d6 8.
Ngf3 Nbd7 9. O-O e5 10. Re1 a5 11. Qc2 b6 12. b3 Bb7 13. a3 Rfe8 14. d5 c6 15.
b4 b5 16. dxc6 Bxc6 17. cxb5 Bxb5 18. a4 Rec8 19. Qb3 Ba6 20. b5 Nc5 21. Qe3
Bb7 22. Nh4 g6 23. Qg5 Ne6 24. Nf5 Qd8 25. Nh6+ Kg7 26. Qh4 Nd4 27. Rad1 Rc3
28. Ng4 Nxg4 29. Qxg4 h5 30. Qh4 Qxh4 31. gxh4 Ra3 32. Nc4 Rxa4 33. Nb6 Rb4 34.
Nxa8 Bxa8 35. Rb1 Rxb5 36. Rxb5 Nxb5 37. Ra1 Nc3 38. Rxa5 Bxe4 39. Bxe4 Nxe4
40. Rd5 Nc3 41. Rxd6 Ne2+ 42. Kg2 Nf4+ 43. Kf3 f5 44. Ra6 Kf7 45. Ra4 Kf6 46.
Rxf4 exf4 47. Kxf4 Ke6 48. Kg5 Kf7 49. Kh6 Kf6 50. f4 Kf7 51. Kh7 Kf6 52. Kg8
g5 53. hxg5+ Kg6 54. Kf8 h4 55. h3 Kh7 56. Kf7 Kh8 57. Kf6 1-0

[Event "IX Floripa Chess Open Fort Atacadista"]
[Site "Florianópolis - Santa Catari"]
[Date "2023.01.24"]
[Round "2.106"]
[White "De Oliveira, Aquiles Machado"]
[Black "Souza Jr, Helemberg Cubica De"]
[Result "1-0"]
[WhiteElo "2013"]
[BlackElo "1720"]
[PlyCount "105"]
[EventDate "2023.01.23"]
[EventRounds "10"]
[EventCountry "BRA"]

1. e4 c5 2. Nf3 d6 3. Bb5+ Bd7 4. Bxd7+ Nxd7 5. O-O Ngf6 6. Qe2 e6 7. b3 Be7 8.
Bb2 O-O 9. c4 Re8 10. d4 cxd4 11. Nxd4 a6 12. Nc3 Qc7 13. Rfd1 Rad8 14. Rac1
Qb8 15. Nc2 Nf8 16. Ne3 Ng6 17. g3 b6 18. Rd2 Qb7 19. f3 Rd7 20. Rcd1 Rb8 21.
Ba3 Qc6 22. Rc2 Rbd8 23. Bb4 Qc8 24. Rcd2 a5 25. Ba3 d5 26. Bxe7 Rxe7 27. exd5
exd5 28. Qf2 Rde8 29. Nexd5 Nxd5 30. Nxd5 Re6 31. Nxb6 Qc6 32. Nd5 Ne5 33. Kg2
a4 34. Nf4 R6e7 35. Rd8 Ng4 36. Nd5 Qxd5 37. Rxe8+ Rxe8 38. Rxd5 Nxf2 39. Kxf2
axb3 40. axb3 g6 41. b4 f5 42. b5 Kf7 43. b6 Ke6 44. Rb5 Kd6 45. b7 Rb8 46. Ke3
g5 47. Kd4 g4 48. f4 h6 49. c5+ Kc6 50. Rb6+ Kc7 51. Ke5 Rxb7 52. Rxb7+ Kxb7
53. Kxf5 1-0

[Event "IX Floripa Chess Open Fort Atacadista"]
[Site "Florianópolis - Santa Catari"]
[Date "2023.01.24"]
[Round "2.107"]
[White "Costa, Paulo Sergio"]
[Black "Goncalves, Nata"]
[Result "0-1"]
[WhiteElo "1721"]
[BlackElo "2013"]
[PlyCount "138"]
[EventDate "2023.01.23"]
[EventRounds "10"]
[EventCountry "BRA"]

1. d4 Nf6 2. Bf4 d5 3. e3 c5 4. Nf3 Nc6 5. c3 Qb6 6. b3 Bf5 7. Be2 h6 8. O-O e6
9. Nbd2 Be7 10. h3 O-O 11. Ne5 Rfc8 12. g4 Bh7 13. g5 hxg5 14. Bxg5 Qd8 15. Rc1
cxd4 16. cxd4 Nxe5 17. dxe5 Ne4 18. Nxe4 Bxe4 19. Bf4 Qa5 20. a4 Ba3 21. Rxc8+
Rxc8 22. Bd3 Bxd3 23. Qxd3 Qc3 24. Qb5 Qc6 25. Qe2 a6 26. Qg4 Qc2 27. Kh2 Qf5
28. Qh4 Bb2 29. Rg1 Bxe5 30. Rg5 Bxf4+ 31. exf4 Qf6 32. Qg4 Rc2 33. Kg2 Rc3 34.
f5 Rxb3 35. fxe6 fxe6 36. Rg6 Qf7 37. Rxe6 Rb2 38. Re2 Rxe2 39. Qxe2 Qd7 40. a5
d4 41. Qd3 Qd5+ 42. Kh2 Kf7 43. f4 Kf6 44. h4 Qa2+ 45. Kg3 Qb2 46. Kg4 Qg2+ 47.
Kh5 Qd5+ 48. Kg4 g6 49. Kg3 Qc5 50. Qe4 Qc3+ 51. Kg4 d3 52. Qxb7 d2 53. Qxa6+
Ke7 54. Qb7+ Kd6 55. Qb8+ Kc5 56. Qd8 Qc1 57. Qc7+ Kb4 58. Qb6+ Ka3 59. Qd6+
Ka2 60. Qd5+ Ka1 61. Qd4+ Kb1 62. Qb4+ Qb2 63. Qe4+ Qc2 64. Qb4+ Kc1 65. Qa3+
Qb2 66. Qc5+ Kb1 67. Qg1+ Kc2 68. Qf2 Qc3 69. a6 Kc1 0-1

[Event "IX Floripa Chess Open Fort Atacadista"]
[Site "Florianópolis - Santa Catari"]
[Date "2023.01.24"]
[Round "2.108"]
[White "De Siqueira, Luigy Lira"]
[Black "Franca Junior, Jairo"]
[Result "1-0"]
[WhiteElo "2011"]
[BlackElo "1696"]
[PlyCount "143"]
[EventDate "2023.01.23"]
[EventRounds "10"]
[EventCountry "BRA"]

1. e4 c5 2. Nf3 d6 3. d4 cxd4 4. Nxd4 Nf6 5. Nc3 a6 6. Bg5 e6 7. f4 Be7 8. Qf3
Qc7 9. O-O-O Nbd7 10. g4 b5 11. Bxf6 Nxf6 12. g5 Nd7 13. f5 Bxg5+ 14. Kb1 Ne5
15. Qh5 Bf6 16. fxe6 g6 17. Nd5 Qd8 18. Qe2 Bxe6 19. Nxe6 fxe6 20. Nxf6+ Qxf6
21. Rxd6 O-O 22. Bh3 Nc4 23. e5 Qxe5 24. Qxe5 Nxe5 25. Rxe6 Nf3 26. Bg2 Rad8
27. Bxf3 Rxf3 28. Rxa6 Rf2 29. b3 Rdd2 30. Re1 Kg7 31. Ra7+ Kf6 32. Rc7 Rxh2
33. Rf1+ Ke6 34. Rc5 h5 35. Rc6+ Ke7 36. Rg1 Rhg2 37. Rxg6 Rxg1+ 38. Rxg1 Kf6
39. Kb2 h4 40. Rg4 h3 41. Kc3 Rg2 42. Rh4 h2 43. a4 bxa4 44. bxa4 Ke6 45. Kb3
Kd6 46. Rh5 Kc6 47. a5 Kb7 48. Rh6 Rf2 49. c3 Rg2 50. Kb4 Ra2 51. Kb3 Rf2 52.
Rb6+ Kc7 53. Rh6 Kb7 54. Kb4 Rb2+ 55. Kc5 Ra2 56. a6+ Rxa6 57. Rxh2 Rc6+ 58.
Kd4 Kb6 59. c4 Rg6 60. Rh5 Kc6 61. Re5 Rh6 62. Ra5 Kb6 63. Rd5 Rh4+ 64. Kc3 Kc6
65. Ra5 Kd6 66. Kb4 Kc6 67. Ra6+ Kc7 68. Kb5 Rd4 69. c5 Rh4 70. Ra7+ Kc8 71.
Kb6 Rh6+ 72. c6 1-0

[Event "IX Floripa Chess Open Fort Atacadista"]
[Site "Florianópolis - Santa Catari"]
[Date "2023.01.24"]
[Round "2.109"]
[White "Silva, Gabryel Lunardi Car"]
[Black "Ferreira, Andrei Dias"]
[Result "1-0"]
[WhiteElo "1697"]
[BlackElo "2011"]
[PlyCount "77"]
[EventDate "2023.01.23"]
[EventRounds "10"]
[EventCountry "BRA"]

1. e4 c5 2. Nc3 e6 3. Nge2 Nc6 4. g3 Nf6 5. Bg2 a6 6. O-O Be7 7. d4 cxd4 8.
Nxd4 Qc7 9. Be3 h5 10. h3 Nxd4 11. Qxd4 e5 12. Qd3 d6 13. Bg5 Be6 14. Bxf6 gxf6
15. Nd5 Bxd5 16. Qxd5 Qc6 17. Rfd1 h4 18. g4 Rc8 19. c3 Qxd5 20. Rxd5 Rc4 21.
f4 O-O 22. Kf2 Rfc8 23. Ke3 Bf8 24. g5 fxg5 25. fxe5 dxe5 26. Rxe5 R4c5 27. Rd5
Rxd5 28. exd5 Bc5+ 29. Ke4 f6 30. Kf5 Kg7 31. Re1 Kf7 32. Bf3 Rd8 33. Re6 Be7
34. Rb6 Rd7 35. Bh5+ Kg7 36. Ke6 Bc5 37. Kxd7 Bxb6 38. d6 Kf8 39. Kc8 1-0

[Event "IX Floripa Chess Open Fort Atacadista"]
[Site "Florianópolis - Santa Catari"]
[Date "2023.01.24"]
[Round "2.110"]
[White "Urquiza, Marcello De Albuque"]
[Black "Riquelme, Andres"]
[Result "1-0"]
[WhiteElo "2007"]
[BlackElo "1695"]
[PlyCount "34"]
[EventDate "2023.01.23"]
[EventRounds "10"]
[EventCountry "BRA"]

1. e4 e5 2. Nf3 Nc6 3. Bb5 a6 4. Ba4 Nf6 5. O-O b5 6. Bb3 Be7 7. Qe2 d6 8. c3
O-O 9. h3 h6 10. d4 Bb7 11. Rd1 exd4 12. Nxd4 Na5 13. Bc2 Qc8 14. e5 Nd5 15.
Qd3 f5 16. exf6 Nxf6 17. Re1 Qd7 1-0

[Event "IX Floripa Chess Open Fort Atacadista"]
[Site "Florianópolis - Santa Catari"]
[Date "2023.01.24"]
[Round "2.111"]
[White "Setti, Dalmarino"]
[Black "Ramirez, Maria Eugenia"]
[Result "1-0"]
[WhiteElo "1696"]
[BlackElo "2007"]
[PlyCount "91"]
[EventDate "2023.01.23"]
[EventRounds "10"]
[EventCountry "BRA"]

1. d4 Nf6 2. c4 c5 3. d5 e6 4. Nc3 exd5 5. cxd5 d6 6. e4 g6 7. Bd3 Bg7 8. Nf3
O-O 9. O-O Na6 10. h3 Nc7 11. Bf4 a6 12. a4 Rb8 13. Re1 Nh5 14. Bh2 f5 15. e5
f4 16. e6 Qe7 17. Bf1 Rf5 18. Bc4 b5 19. axb5 axb5 20. Ba2 Bb7 21. Bb1 Bxc3 22.
bxc3 Rxd5 23. Qc1 Nxe6 24. Be4 Qf6 25. Ra7 Nc7 26. c4 bxc4 27. Bxd5+ Nxd5 28.
Qxc4 Qc3 29. Qe4 Kh8 30. Rxb7 Rxb7 31. Qxd5 Rb8 32. Qxd6 Ra8 33. Bxf4 Nxf4 34.
Qxf4 Kg8 35. Kh2 Rf8 36. Qe4 Qb4 37. Qd5+ Kh8 38. Re7 Qf4+ 39. Kg1 Qc1+ 40. Ne1
Qc3 41. Qe5+ Qxe5 42. Rxe5 Rc8 43. f4 Kg7 44. Kf2 Kf6 45. Re3 Rb8 46. Rc3 1-0

[Event "IX Floripa Chess Open Fort Atacadista"]
[Site "Florianópolis - Santa Catari"]
[Date "2023.01.24"]
[Round "2.112"]
[White "Mesquita, Guilherme"]
[Black "Maba, Mateus Dos Passos"]
[Result "1-0"]
[WhiteElo "2007"]
[BlackElo "1690"]
[PlyCount "59"]
[EventDate "2023.01.23"]
[EventRounds "10"]
[EventCountry "BRA"]

1. e4 e5 2. Nf3 Nc6 3. Bb5 f5 4. d3 Nf6 5. Nc3 d6 6. O-O Be7 7. a4 O-O 8. Ng5
Qe8 9. f4 Qg6 10. Bxc6 bxc6 11. fxe5 dxe5 12. Nf3 fxe4 13. Nxe5 Bc5+ 14. d4 Qe8
15. Be3 Bd6 16. Nc4 Bxh2+ 17. Kxh2 Ng4+ 18. Kg1 Qh5 19. Rxf8+ Kxf8 20. Qf1+ Kg8
21. Qf4 Be6 22. Ne5 Rf8 23. Qg3 Rf6 24. Nxg4 Rg6 25. Qxc7 Qxg4 26. Qd8+ Kf7 27.
Rf1+ Bf5 28. Rf2 Qh3 29. Qc7+ Kf6 30. Qd6+ 1-0

[Event "IX Floripa Chess Open Fort Atacadista"]
[Site "Florianópolis - Santa Catari"]
[Date "2023.01.24"]
[Round "2.113"]
[White "Felix, Joao Eduardo Orland"]
[Black "Segato, Pedro Henrique Pedr"]
[Result "0-1"]
[WhiteElo "1693"]
[BlackElo "1999"]
[PlyCount "81"]
[EventDate "2023.01.23"]
[EventRounds "10"]
[EventCountry "BRA"]

1. e4 d6 2. d4 Nf6 3. Nc3 c6 4. f4 g6 5. e5 dxe5 6. fxe5 Nd5 7. Bc4 Be6 8. Qf3
Bg7 9. Nge2 O-O 10. O-O Nxc3 11. Qxc3 Bxc4 12. Qxc4 Qd5 13. Qb4 c5 14. dxc5 Na6
15. Qd4 Qxd4+ 16. Nxd4 Bxe5 17. Nb3 Nxc5 18. Re1 Nxb3 19. axb3 Bd4+ 20. Kf1 e6
21. c3 Bb6 22. Rd1 Rad8 23. Bg5 Rxd1+ 24. Rxd1 f6 25. Bh4 Rd8 26. Rxd8+ Bxd8
27. Bf2 a6 28. Ke2 Kf7 29. Kd3 e5 30. Kc4 Ke6 31. b4 f5 32. b5 axb5+ 33. Kxb5
f4 34. b3 g5 35. Kc4 e4 36. Bc5 h5 37. b4 Kf5 38. Kd5 Bf6 39. c4 e3 40. b5 Bc3
41. b6 0-1

[Event "IX Floripa Chess Open Fort Atacadista"]
[Site "Florianópolis - Santa Catari"]
[Date "2023.01.24"]
[Round "2.114"]
[White "Lima, Vinicius Taishun"]
[Black "Campagnolo, Fabiola"]
[Result "1-0"]
[WhiteElo "1997"]
[BlackElo "1682"]
[PlyCount "65"]
[EventDate "2023.01.23"]
[EventRounds "10"]
[EventCountry "BRA"]

1. e4 c5 2. Nf3 a6 3. Nc3 Nc6 4. d4 cxd4 5. Nxd4 e5 6. Nf5 d6 7. Bc4 g6 8. Ne3
Nf6 9. Ned5 Nxd5 10. Nxd5 b5 11. Bb3 Bg7 12. Be3 O-O 13. Qd2 Na5 14. O-O Nxb3
15. axb3 Rb8 16. Rfd1 Bb7 17. f3 Re8 18. c4 Bxd5 19. Qxd5 bxc4 20. bxc4 Rxb2
21. Rxa6 Bf8 22. c5 Rb5 23. Ra7 Qf6 24. Qc6 Rbb8 25. cxd6 Rbc8 26. Rc7 Rcd8 27.
Bc5 Re6 28. Rc8 Kg7 29. Rxd8 Qxd8 30. Kh1 f5 31. Qc7+ Be7 32. Bb6 Qxc7 33. Bxc7
1-0

[Event "IX Floripa Chess Open Fort Atacadista"]
[Site "Florianópolis - Santa Catari"]
[Date "2023.01.24"]
[Round "2.115"]
[White "Silverio, Vitor Luis De Jesus"]
[Black "Lima, Stefan Moisei Vieir"]
[Result "1-0"]
[WhiteElo "1682"]
[BlackElo "1991"]
[PlyCount "115"]
[EventDate "2023.01.23"]
[EventRounds "10"]
[EventCountry "BRA"]

1. e4 c5 2. Nf3 d6 3. d4 cxd4 4. Nxd4 Nf6 5. Nc3 a6 6. Bg5 e6 7. f4 Nbd7 8. Qf3
Qc7 9. O-O-O b5 10. a3 Bb7 11. g4 O-O-O 12. Bxf6 gxf6 13. Kb1 d5 14. exd5 Nb6
15. Nc6 Bxc6 16. dxc6 Rxd1+ 17. Nxd1 Bd6 18. f5 Be5 19. fxe6 fxe6 20. Nc3 Qd6
21. Bg2 Rd8 22. Rd1 Qe7 23. Rxd8+ Qxd8 24. Qe4 Qe7 25. Qe3 Nc4 26. Qd3 Bxc3 27.
Qxc3 e5 28. Qd3 e4 29. Bxe4 h6 30. a4 Nd6 31. Bf5+ Kc7 32. axb5 Qe1+ 33. Ka2
Qa5+ 34. Kb1 axb5 35. Qe3 Kxc6 36. Qxh6 Nxf5 37. gxf5 Qe1+ 38. Qc1 Qe5 39. Qh1+
Kd6 40. Qf1 Qxh2 41. Qxb5 Qh1+ 42. Ka2 Qa8+ 43. Kb3 Qg8+ 44. Kb4 Qg2 45. Qc5+
Kd7 46. b3 Qd2+ 47. c3 Qe1 48. Kb5 Qg3 49. Qc6+ Kd8 50. Qxf6+ Kc8 51. Qc6+ Kb8
52. f6 Qe5+ 53. Kb4 Qf4+ 54. c4 Qd2+ 55. Kb5 Qg5+ 56. c5 Qe3 57. Qd6+ Ka8 58.
Qf8+ 1-0

[Event "IX Floripa Chess Open Fort Atacadista"]
[Site "Florianópolis - Santa Catari"]
[Date "2023.01.24"]
[Round "2.116"]
[White "Dauer, Andre Leonardo"]
[Black "Colaco, Willian Wagner Soar"]
[Result "1-0"]
[WhiteElo "1990"]
[BlackElo "1681"]
[PlyCount "31"]
[EventDate "2023.01.23"]
[EventRounds "10"]
[EventCountry "BRA"]

1. e4 e6 2. b3 d5 3. Bb2 d4 4. f4 c5 5. g3 Nc6 6. Nf3 f6 7. Bg2 Bd6 8. O-O Nge7
9. e5 fxe5 10. fxe5 Nxe5 11. Nxe5 Bxe5 12. Qh5+ Ng6 13. Be4 Kd7 14. Bxg6 Bxg3
15. hxg3 hxg6 16. Qxc5 1-0

[Event "IX Floripa Chess Open Fort Atacadista"]
[Site "Florianópolis - Santa Catari"]
[Date "2023.01.24"]
[Round "2.117"]
[White "Mariani, Daniel Brandao"]
[Black "De Paula, Bruno Cesar Lima"]
[Result "1-0"]
[WhiteElo "1987"]
[BlackElo "1591"]
[PlyCount "51"]
[EventDate "2023.01.23"]
[EventRounds "10"]
[EventCountry "BRA"]

1. c4 e5 2. Nc3 f5 3. g3 Nf6 4. Bg2 Bc5 5. e3 Nc6 6. Nge2 e4 7. d4 exd3 8. Qxd3
Ne5 9. Qxf5 d6 10. Qc2 O-O 11. h3 Qe8 12. b3 Nh5 13. g4 Nf4 14. exf4 Nc6 15.
O-O h5 16. f5 hxg4 17. hxg4 Bxf5 18. gxf5 Qh5 19. Ng3 Qh4 20. Bd5+ Rf7 21. Kg2
Ne5 22. Rh1 Qd4 23. Be3 Qg4 24. Qe4 Bxe3 25. fxe3 Qg5 26. Qh4 1-0

[Event "IX Floripa Chess Open Fort Atacadista"]
[Site "Florianópolis - Santa Catari"]
[Date "2023.01.24"]
[Round "2.118"]
[White "Americano, Lucca Casarini"]
[Black "Mendez Machado, Andre"]
[Result "1/2-1/2"]
[WhiteElo "1563"]
[BlackElo "1986"]
[PlyCount "83"]
[EventDate "2023.01.23"]
[EventRounds "10"]
[EventCountry "BRA"]

1. e4 e5 2. Nf3 Nc6 3. Bb5 a6 4. Ba4 Nf6 5. O-O b5 6. Bb3 Bc5 7. c3 d6 8. a4
Rb8 9. d4 Bb6 10. a5 Ba7 11. h3 O-O 12. Be3 Re8 13. Ng5 Re7 14. dxe5 Bxe3 15.
exf6 Bxg5 16. fxe7 Qxe7 17. Bd5 Bd7 18. b4 Qe5 19. f4 Bxf4 20. Qf3 Bh2+ 21. Kh1
Rf8 22. Bxf7+ Kh8 23. Qe2 Bf4 24. Bb3 Qg5 25. Nd2 Qg3 26. Nf3 Ne5 27. Qf2 Nxf3
28. Qxg3 Bxg3 29. Rxf3 Rxf3 30. gxf3 Bxh3 31. Bd5 Be5 32. Ra3 Bc8 33. Bc6 g6
34. Bxb5 axb5 35. a6 Bxa6 36. Rxa6 Bxc3 37. Ra8+ Kg7 38. Ra7 Bxb4 39. Rxc7+ Kf6
40. Rb7 Ke5 41. Rxb5+ Bc5 42. Rb7 1/2-1/2

[Event "IX Floripa Chess Open Fort Atacadista"]
[Site "Florianópolis - Santa Catari"]
[Date "2023.01.24"]
[Round "2.119"]
[White "Da Silva, Luiz Matheus"]
[Black "Fraga, Heitor Carneiro"]
[Result "1-0"]
[WhiteElo "1986"]
[BlackElo "1556"]
[PlyCount "105"]
[EventDate "2023.01.23"]
[EventRounds "10"]
[EventCountry "BRA"]

1. c4 e5 2. Nc3 Nf6 3. Nf3 Nc6 4. e4 Bc5 5. Nxe5 Nxe5 6. d4 Bb4 7. dxe5 Nxe4 8.
Qf3 Nxc3 9. bxc3 Bf8 10. Bf4 g5 11. Bg3 Bg7 12. h4 d6 13. O-O-O Be6 14. hxg5
Qxg5+ 15. Bf4 Qg4 16. exd6 Qxf3 17. gxf3 cxd6 18. Kb2 Be5 19. Bxe5 dxe5 20. Rh5
f6 21. Bd3 Ke7 22. Rdh1 Kd6 23. Rxh7 Rxh7 24. Rxh7 Bd7 25. Be4 Bc6 26. Kb3 Rf8
27. Kb4 Bxe4 28. fxe4 Kc6 29. Re7 f5 30. f3 fxe4 31. fxe4 Rf1 32. Re6+ Kd7 33.
Rxe5 Rb1+ 34. Ka3 a6 35. Rd5+ Ke6 36. Rd4 Ke5 37. Ka4 Rb2 38. a3 Rb1 39. c5 Rb5
40. Rc4 Rb2 41. Rb4 Rc2 42. Ka5 Ra2 43. a4 Ra3 44. Rxb7 Kxe4 45. Kb4 Ra1 46.
Rb6 Rb1+ 47. Ka5 Rc1 48. Kxa6 Rxc3 49. c6 Kd5 50. Kb7 Kd6 51. a5 Ke7 52. a6 Kd8
53. a7 1-0

[Event "IX Floripa Chess Open Fort Atacadista"]
[Site "Florianópolis - Santa Catari"]
[Date "2023.01.24"]
[Round "2.120"]
[White "Mayeregger Gonzalez, Renata"]
[Black "Sergio, Claudio Santos"]
[Result "0-1"]
[WhiteElo "1543"]
[BlackElo "1981"]
[PlyCount "52"]
[EventDate "2023.01.23"]
[EventRounds "10"]
[EventCountry "BRA"]

1. e4 e5 2. Nf3 Nc6 3. d4 exd4 4. Nxd4 Qh4 5. Nb5 Bc5 6. Qf3 Nd4 7. Nxd4 Bxd4
8. g3 Qe7 9. Bg2 Nf6 10. O-O d6 11. c3 Bb6 12. Nd2 Be6 13. e5 dxe5 14. Qxb7 O-O
15. Ne4 h6 16. Nxf6+ Qxf6 17. Kh1 Bc4 18. Rd1 Qxf2 19. b3 Be2 20. Ba3 Bxd1 21.
Rxd1 Rfd8 22. Rf1 Qe2 23. Be7 Rab8 24. Qf3 Qxf3 25. Bxf3 Rd2 26. Bg2 Re8 0-1

[Event "IX Floripa Chess Open Fort Atacadista"]
[Site "Florianópolis - Santa Catari"]
[Date "2023.01.24"]
[Round "2.121"]
[White "Kim, Thiago"]
[Black "Solaeche G., Axel Jose"]
[Result "1-0"]
[WhiteElo "1980"]
[BlackElo "1106"]
[PlyCount "47"]
[EventDate "2023.01.23"]
[EventRounds "10"]
[EventCountry "BRA"]

1. e4 c6 2. d4 d5 3. e5 e6 4. f4 Ne7 5. Nf3 Ng6 6. Bd3 Be7 7. c3 Nd7 8. Be3 Nb6
9. Nbd2 Bd7 10. Qe2 Qc7 11. O-O-O a5 12. g4 a4 13. f5 exf5 14. gxf5 Nf8 15.
Rhg1 a3 16. b3 c5 17. f6 cxd4 18. Bxd4 Bb4 19. Kb1 Ne6 20. cxb4 Nxd4 21. Nxd4
Qc3 22. N2f3 Qxb4 23. fxg7 Rg8 24. Qd2 1-0